Acute Care Surgery : (Record no. 1397)

MARC details
000 -LEADER
fixed length control field 00630nam a22002177a 4500
003 - CONTROL NUMBER IDENTIFIER
control field OSt
005 - DATE AND TIME OF LATEST TRANSACTION
control field 20150410154253.0
008 - FIXED-LENGTH DATA ELEMENTS--GENERAL INFORMATION
fixed length control field 150410b xxu||||| |||| 00| 0 eng d
020 ## - INTERNATIONAL STANDARD BOOK NUMBER
International Standard Book Number 9780071472906
040 ## - CATALOGING SOURCE
Transcribing agency DNLM
082 ## - DEWEY DECIMAL CLASSIFICATION NUMBER
Classification number WO 700 A95g 2009
100 ## - MAIN ENTRY--PERSONAL NAME
Personal name Gracias Vicente H.
9 (RLIN) 3689
245 ## - TITLE STATEMENT
Title Acute Care Surgery :
Remainder of title A guide for general Surgeons /
Statement of responsibility, etc. Vicente H. Gracias, [et...al]
260 ## - PUBLICATION, DISTRIBUTION, ETC. (IMPRINT)
Place of publication, distribution, etc. New York:
Name of publisher, distributor, etc. McGraw Hill Medical;
Date of publication, distribution, etc. 2009.
300 ## - PHYSICAL DESCRIPTION
Extent xvii, 446 p :
Other physical details ill;
Dimensions 27 cm
504 ## - BIBLIOGRAPHY, ETC. NOTE
Bibliography, etc Includes index
650 ## - SUBJECT ADDED ENTRY--TOPICAL TERM
Topical term or geographic name as entry element Surgery
9 (RLIN) 323
700 ## - ADDED ENTRY--PERSONAL NAME
Personal name Reilly Patrick M.
9 (RLIN) 3690
700 ## - ADDED ENTRY--PERSONAL NAME
Personal name [et...al]
9 (RLIN) 867
942 ## - ADDED ENTRY ELEMENTS (KOHA)
Source of classification or shelving scheme Other/Generic Classification Scheme
Koha item type Short Loan
Holdings
Withdrawn status Lost status Source of classification or shelving scheme Damaged status Not for loan Home library Current library Date acquired Source of acquisition Inventory number Total Checkouts Full call number Barcode Date last seen Price effective from Koha item type
    Other/Generic Classification Scheme     MUST Main Library MUST Main Library 10/04/2015   2012/35706   WO 700 A95g 2009 2015-0891 10/04/2015 10/04/2015 Short Loan
    Other/Generic Classification Scheme     MUST Main Library MUST Main Library 10/04/2015   2012/35705   WO 700 A95g 2009 2015-0892 10/04/2015 10/04/2015 Short Loan